000 00333 a2200157 4500
001 184835
020 _a019434595-1
040 _cMagnum
100 _aCrowther, Terence G.
240 1 0 _aThe naughty monkey
_lING
245 1 0 _aThe naughty monkey
300 _a29
362 0 _a1997
697 _aLITERATURA INGLESA
942 _cBK
999 _c184835
_d184835